000 00510nam a2200205Ia 4500
003 OSt
005 20230519114831.0
008 210423s2002 xx 000 0 und d
040 _cAL
041 _aeng
082 _a340
_223
_bCPMA
245 _aMines act 1952 with short notes
260 _aMumbai
_bCurrent Publications
_c2002
300 _bPB
365 _b40
_cINR
650 _aLaw
_9109649
650 _aSocial Sciences
_9109650
906 _a1952 ; act ; Mines ; notes ; short
942 _2ddc
_cBK
999 _c172619
_d172619